000 00308nam a22001217a 4500
020 _a0-408-00162-3
082 _a621.38804 RED'Q
100 _aREDDIHOUGH, J. A,KNIGHT, DAVID
_978628
245 _aQUESTION AND ANSWERS ON COLOUR TELEVISION
260 _aLONDON
_bNEWNES
_c1975
300 _a134P
942 _cBK
999 _c583742
_d583742